000 00487nam a2200169 i 4500
001 21425
003 ES-MaACL
005 20230906152456.0
007 t|
008 021125s1999 sp ||||1| gao d
100 1 _aAlcalá, Xavier.
_919454
245 1 0 _aVoltar
_b: seis persoaxes e un fado /
_cXavier Alcalá ; ilustracions de Siro.
260 _a[Vigo] :
_bGalaxia,
_c[1972]
300 _a132 p. :
_bil. ;
_c19 cm.
700 0 _aSiro.
_9106682
852 _aES-MaACL
_jC-52160
_bR.82909
999 _c21425
_d21425